Top 50 Fairy Tale Films (IMDB) - Statistics

General Stats
  • This quiz has been taken 65 times
    20 since last reset
  • The average score is 10 of 59
Answer Stats
Film Year IMDB % Correct
Beauty and the Beast 1991 8.0
85%
Beauty and the Beast 1946 7.9
85%
Beauty and the Beast 1978 7.5
85%
Cinderella 1965 7.6
85%
Cinderella 1947 7.5
85%
Snow-White 1933 7.4
85%
Snow White and the Seven Dwarfs 1938 7.6
85%
The Little Mermaid 1989 7.6
70%
Aladdin 1992 8.0
55%
Tangled 2010 7.7
55%
Frozen 2013 7.4
35%
Mulan 1998 7.7
35%
Pinocchio 1940 7.5
35%
Fantasia 1940 7.7
25%
Shrek 2001 7.9
25%
Shrek 2 2004 7.4
25%
The Little Matchgirl 2006 7.8
5%
The Red Shoes 1948 8.1
5%
The Snow Queen 1957 7.5
5%
Ali Baba Bunny 1957 7.7
0%
Bewitched Bunny 1954 7.7
0%
Blancanieves 2012 7.5
0%
Brave Little Tailor 1938 7.5
0%
Chicken Little 1943 7.4
0%
Donald in Mathmagic Land 1959 7.8
0%
Give the Devil His Due 1985 8.0
0%
In the Wake of the Bremen Town Musicians 1973 7.8
0%
Kirikou and the Sorceress 1998 7.5
0%
Little Red Riding Rabbit 1944 7.5
0%
Mermaid 1997 7.7
0%
Mother Goose Rock 'n' Rhyme 1990 7.4
0%
Ponyo 2008 7.6
0%
Popeye the Sailor Meets Ali Baba's Forty Thieves 1937 7.7
0%
Red Hot Riding Hood 1943 7.7
0%
Sailor Moon S: The Movie - Hearts in Ice 1994 7.6
0%
Sailor Moon SuperS: The Movie: Black Dream Hole 1995 7.4
0%
Swan Lake 1981 7.6
0%
Swing Shift Cinderella 1945 7.5
0%
The Adventures of Buratino 1976 7.5
0%
The Bremen Town Musicians 1969 7.9
0%
The Emperor and the Golem 1952 8.0
0%
The Emperor's New Groove 2000 7.4
0%
The Feather Fairy 1985 7.5
0%
The Humpbacked Horse 1947 7.4
0%
The King and the Mockingbird 1980 7.7
0%
The Night Before Christmas 1961 7.4
0%
The Nutcracker 1973 7.5
0%
The Pied Piper 1986 7.8
0%
The Rose Seller 1998 7.4
0%
The Scarlet Flower 1952 7.4
0%
The Sorcerer's Apprentice 1978 7.5
0%
The Story of the Fox 1937 7.6
0%
The Tale of the Princess Kaguya 2013 8.0
0%
The Thief of Bagdad 1940 7.4
0%
The Twelve Months 1956 7.4
0%
The Ugly Duckling 1939 7.6
0%
Three Little Pigs 1933 7.5
0%
Three Wishes for Cinderella 1973 7.6
0%
Thru the Mirror 1936 7.5
0%
No matching quizzes found
Score Distribution
Percent of People with Each Score
Percentile by Number Answered
Your Score History
You have not taken this quiz since the last reset